00456nam a2200169Ia 4500003000400000005001700004008004100021020001400062040000700076082002000083100002300103245008700126260003600213300001600249365001400265440000700279OSt20230511100921.0210423s2002 xx 000 0 und d a125804458 cAL a574.87 MATB223 aMATSUMOTO (Brian). aMethods in cell biology: cell biological applications of confocal microscopy. V70. aAmsterdambAcademic Pressc2002 axii,507bPB b4259cINR v70